000
00200 a2200097 4500
001
43831
100
_a
Firman
245
_a
The World of Birds
260
_a
London
_b
Parnell
_c
090
_c
27593
_d
27593
942
_a
NUST-CAE
_c
M
_c
19550
999
_c
278904
_d
278904